Песни Виктора Цоя - Армагеддон - Statistics

General Stats
  • This quiz has been taken 143 times
  • The average score is 14 of 25
Answers on the Grid
Answers color-coded by a green-red scale on the quiz's grid according to % correct below.
Ежедневный герой
Песня без слов
Мы сидели и курили
Восьмиклассница
Пачка сигарет
Солнце уходит на запад
Спят курганы тёмные
Если духом ты слаб
Закрой за мной дверь, я ухожу
Бездельник
Тёплые дни лета
Мы держим путь в сторону леса
Мама-анархия
Прохожий
Песня белого анархиста
В наших глазах
Сердцебиение
Эта музыка будет вечной
Перемен
Разговор в поезде
Группа крови
Транквилизатор
Кукушка
Если начнётся дождь
Девочка летом
Когда твоя девушка больна
Ветер знает
Красно-жёлтые дни
Звезда
Солдатская печаль
Спи, солдат
Попробуй спеть вместе со мной
Начальник Камчатки
Алюминиевые огурцы
Песня простого человека
Ты холодна
Мама, я не могу больше пить
Видели ночь
Потерянный Рай
Королевство кривых
Спокойная ночь
Муравейник
Ржавая вода
Анаша
Кончится лето
Ярко-бледно розовый
Дальше действовать будем мы
Прости, что не верил
Воспоминания о былой любви
Последний герой
 
Answer Stats
Answer % Correct
Восьмиклассница
88%
Пачка сигарет
87%
Кукушка
77%
Перемен
76%
Закрой за мной дверь, я ухожу
73%
Группа крови
71%
Последний герой
66%
Песня без слов
65%
Алюминиевые огурцы
60%
Мама-анархия
59%
В наших глазах
57%
Когда твоя девушка больна
56%
Звезда
55%
Кончится лето
55%
Видели ночь
52%
Спокойная ночь
52%
Бездельник
49%
Красно-жёлтые дни
43%
Дальше действовать будем мы
43%
Муравейник
42%
Транквилизатор
40%
Попробуй спеть вместе со мной
37%
Начальник Камчатки
36%
Прохожий
34%
Анаша
23%
No matching quizzes found
Score Distribution
Percent of People with Each Score
Percentile by Number Answered
Your Score History
You have not taken this quiz